| 000 | 00488nam a2200133Ia 4500 | ||
|---|---|---|---|
| 008 | 250506s9999 xx 000 0 und d | ||
| 024 | _a01A-21-CE, 01A-24-CE, 01A-45-CE & 01A-28-EE | ||
| 082 | _a004.6072 AHM | ||
| 100 | _aAdnan Ahmed, Syed Zeeshan Ali, Aman Ullah Khan & Syed Kausar Ali | ||
| 245 | 0 | _aDeployment of Data Channel Service Provider Using Radius Server | |
| 260 |
_aKarachi: _bUIT, _c2001 |
||
| 600 | _aComputer System Engineering | ||
| 650 | _aBachelor of Engineering (BE) | ||
| 999 |
_c27722 _d27722 |
||